Catálogo público

Panorama económico de granjas porcinas representativas del estado de Guanajuato. 2002-2009 / (Record no. 168834)

MARC details
000 -CABECERA
campo de control de longitud fija 00819nam a2200277Ia 4500
001 - NÚMERO DE CONTROL
campo de control Z_5730
003 - IDENTIFICADOR DEL NÚMERO DE CONTROL
campo de control CHAP
008 - DATOS DE LONGITUD FIJA--INFORMACIÓN GENERAL
campo de control de longitud fija 220113s2006 xx 000 0 und d
010 ## - NÚMERO DE CONTROL DE LA BIBLIOTECA DEL CONGRESO
Número de control de LC 168834
020 ## - NÚMERO INTERNACIONAL ESTÁNDAR DEL LIBRO
Número Internacional Estándar del Libro 970-722-514-9
040 ## - FUENTE DE LA CATALOGACIÓN
Centro/agencia transcriptor CHAP
082 ## - NÚMERO DE LA CLASIFICACIÓN DECIMAL DEWEY
Número de clasificación 636.4 S3
100 ## - ENTRADA PRINCIPAL--NOMBRE DE PERSONA
Nombre de persona Sagarnaga Villegas, Leticia Myriam
9 (RLIN) 101176
245 ## - MENCIÓN DE TÍTULO
Título Panorama económico de granjas porcinas representativas del estado de Guanajuato. 2002-2009 /
Mención de responsabilidad, etc. Leticia Myriam Sagarnaga Villegas
260 ## - PUBLICACIÓN, DISTRIBUCIÓN, ETC.
Lugar de publicación, distribución, etc. Chapingo, Méx. :
Nombre del editor, distribuidor, etc. UACH. Departamento de Zootecnia,
Fecha de publicación, distribución, etc. 2006
300 ## - DESCRIPCIÓN FÍSICA
Extensión 140 p.
650 ## - PUNTO DE ACCESO ADICIONAL DE MATERIA--TÉRMINO DE MATERIA
Término de materia o nombre geográfico como elemento de entrada Ganado porcino
Subdivisión general Guanajuato
9 (RLIN) 45371
650 ## - PUNTO DE ACCESO ADICIONAL DE MATERIA--TÉRMINO DE MATERIA
Término de materia o nombre geográfico como elemento de entrada Granjas porcinas
9 (RLIN) 50413
700 ## - PUNTO DE ACCESO ADICIONAL--NOMBRE DE PERSONA
Nombre de persona I. Cervantes Escoto, Fernando, Coaut.
9 (RLIN) 143099
901 ## - ELEMENTOS DE DATOS A LOCAL LDA (RLIN)
a 636.4 S3
902 ## - ELEMENTOS DE DATOS B LOCAL, LDB (RLIN)
a A
910 ## - DATOS DE OPCIÓN DEL USUARIO (OCLC)
Datos de opción del usuario 2006
942 ## - ELEMENTOS DE PUNTO DE ACCESO ADICIONAL (KOHA)
Tipo de ítem Koha Libro_
942 ## - ELEMENTOS DE PUNTO DE ACCESO ADICIONAL (KOHA)
Tipo de ítem Koha
Holdings
Estado de retiro Estado de pérdida Fuente del sistema de clasificación o colocación Estado dañado No para préstamo Código de colección Localización permanente Ubicación/localización actual Ubicación en estantería Fecha de adquisición Código de barras Fecha visto por última vez Número de copia Precio válido a partir de Tipo de ítem Koha
    Dewey Decimal Classification     General Zootecnia Zootecnia   06/10/2011 z_0979 18/01/2022 4 18/01/2022 Libro
    Dewey Decimal Classification     General Zootecnia Zootecnia   06/10/2011 z_0980 18/01/2022 5 18/01/2022 Libro
    Dewey Decimal Classification     General Zootecnia Zootecnia   06/10/2011 z_0984 18/01/2022 6 18/01/2022 Libro
    Dewey Decimal Classification     General Zootecnia Zootecnia   15/01/2009 z_5615 18/01/2022 1 18/01/2022 Libro
    Dewey Decimal Classification     General Zootecnia Zootecnia   15/01/2009 z_5616 18/01/2022 2 18/01/2022 Libro
    Dewey Decimal Classification     General Zootecnia Zootecnia   15/01/2009 z_5617 18/01/2022 3 18/01/2022 Libro